00695cam a2200205 a 450000100100000000500170001000800410002704000230006808200180009110000340010924500700014326000620021330000250027549000230030049000290032365000220035265000240037470000350039883000560043300000576620200929151757.0880702s1986 uy 001 0 spa  aDO-SdBNPcDLCdDLC aU861.3bA284a1 aAgustini, Delmira,d1886-191410aAntología /cDelmira Agustini ; prólogo, Esther de Cáceres. aMontevideo :bMinisterio de Educación y Cultura,c1986. axlv, 65 p. ;c20 cm.1 aBiblioteca Artigas1 aClásicos uruguayosv69 4aPoesía uruguaya 4aLiteratura uruguaya1 aCáceres, Esther de,epról. 0aBiblioteca Artigas.pclásicos uruguayos ;vv. 69.